000 03271nam a2200649 a 4500
003 CHAP
005 20230623180239.0
007 ta
008 230622s2014 mx ab||fr|||| 001 0 spa d
020 _a978-1-934151-71-6 (v. 2 )
020 _a978-1-934151-72-3 (v. 3)
020 _a978-1-934151-73-0 (v. 4)
020 _a978-1-934151-74-7 (v. 5)
020 _a978-1-934151-75-4 (v. 6)
020 _a978-1-934151-76-1 (v.7)
020 _a978-1-934151-77-8 (v. 8)
020 _a978-1-934151-78-5 (v. 9)
020 _a978-1-934151-79-2 (v. 10)
020 _a978-1-934151-80-8 (v. 11)
020 _a978-1-934151-81-5 (v. 12)
020 _a978-1-934151-82-2 (v. 13)
020 _a978-1-934151-83-9 (v. 14)
020 _a978-1-914151-85-3 (v. 15)
020 _a978-1-934151-86-0 (v. 16)
040 _amxchpua
_cCHAP
_erda
090 _aF
_b2279 2014
245 1 0 _aEcosechas /
_ccoordinación Cesar M. Velázquez Hernández
250 _a1a edición
264 _aMéxico :
_bConservation International México,
_c2014
300 _av :
_bilustraciones, mapas
336 _atexto
_btxt
_2rdacontent
337 _asin medio
_bn
_2rdamedia
338 _avolumen
_bnc
_2rdacarrier
490 _aGestión de proyectos sustentables en cuencas prioritarias de la región sierra - costa de Chiapas (Conservation International México)
505 _aV.2 Los proyectos sustentables y sus función en las cuencas. -- V.3 La organización social como eje de los proyectos sustentables -- V.4 Dando forma a nuestra propuesta: el diseño técnico y financiero de proyectos -- V.5 Diseño comercial, planes de mercadeo y negociación -- V.6 Formación de empresas sociales y su capitalización -- V.7 Café bajo sombra o sustentable -- V.8 Cacao: el fruto de los dioses guía para la producción sustentable -- V.9 Turismo alternativo y umas -- V.10 Ganadería silvopastoril y apicultura orgánica -- V.11 La comercialización y mercadeo en turismo alternativo -- V.12 Comercialización de umas -- V.13 Comercialización y planes de mercado en café sustentable -- V.14 Cacao: comercialización y planes de mercadeo -- V.15 Comercialización y planes de mercadeo en ganadería silvopastoral -- V.16 Comercialización y planes de mercado en apicultura orgánica
650 1 3 _944604
_aGanadería
650 1 3 _916918
_aCacao
650 1 3 _917085
_aCafé
650 1 3 _96241
_aApicultura
650 1 3 _9187463
_aAgroturismo
650 1 3 _9148031
_aIniciativa empresarial
650 1 3 _974925
_aMercados
650 1 3 _92010
_aAgricultura sustentable
650 1 3 _932083
_aDesarrollo sustentable
650 1 3 _9144276
_aAnimal husbandry
650 1 3 _924278
_aCocoa
650 1 3 _9185335
_aCoffee (beverage)
650 1 3 _9147737
_aApiculture
650 1 3 _9187464
_aAgritourism
650 1 3 _9148030
_aEntrepreneurship
650 1 3 _9186708
_aMarkets
650 1 3 _9158765
_aSustainable agriculture
650 1 3 _9161518
_aSustainable development
700 1 _9187465
_aVelázquez Hernández, César M.
_ecoordinador
830 _9187462
_aGestión de proyectos sustentables en cuencas prioritarias de la región sierra - costa de Chiapas (Conservation International México)
942 _2Clasificación Universidad Autónoma Chapingo
_cFolleto
999 _c218983
_d218983